Statistiques concernant Chaîne de mot sans "e"

Cliquez ici pour prendre le quiz!

Statistiques générales

  • Ce quiz a été pris 300 fois
  • Le résultat moyen est 25 sur 50

Statistiques - réponses

QuestionRéponse% Correct
Pouce, Index par exempleDoigt
99%
On pleure quand on l'éplucheOignon
98%
Pays africain en 4 lettresTogo
84%
Jour après dimancheLundi
81%
T'en fait un actuellementQuiz
78%
Blanche neige en a 7Nain
77%
Contraire de jourNuit
77%
Bateau ayant couler en 1912Titanic
77%
GerberVomir
76%
Ville où se situe le Golden Gate BridgeSan Francisco
75%
Nombre d'étoile possible sur un jeu de JetpunkCinq
73%
Sandale de plageTong
73%
Fruit tropicalAnanas
72%
Foot, basket, tennis, gym en sontSport
71%
Gros bateau coutant 20 millions pour les plus luxueuxYacht
71%
Ville la plus peuplé du CanadaToronto
69%
Evènement météorologique qui frappe souvent le JaponTsunami
67%
Pays ayant remporté la coupe du monde de football en 1930 et 1950Uruguay
67%
Qui concerne le nezNasal
66%
Symbole Ca sur le tableau des élémentsCalcium
64%
Petite merLac
64%
Planète de notre système solaireUranus
61%
Pays d'Amérique latine dont la capitale à la même terminaisonNicaragua
60%
En remplaçant une lettre on passe d'une ville algérienne a un sultanatOran / Oman
57%
Etat américain près du lac EriéOhio
54%
Programme physique contenant des danses latinesZumba
53%
Pièce rectangulaire posée debout et que l'on fait tombé pour s'amuserDomino
52%
Looser, mauvais, bon a rienNul
50%
Personne qui veut s'installer dans un autre paysImmigrant
49%
Mot anglais consistant a décorer sa voitureTuning
49%
Pays insulaire en OcéanieTuvalu
47%
Motif musical répété dans une œuvre, le leit_ _ _ _ _Motiv
45%
Sport nautique, palindromeKayak
42%
Nom d'un lac nord américainOntario
42%
Les marseillais connaissent cette marque de pétanqueObut
35%
Relatif aux nocesNuptial
33%
Soupe d'origine hongroiseGoulasch
29%
Impreza est un modèle de leur voitureSubaru
27%
Je bluff si je te dis que c'est Palaos la réponseLaos
25%
Cite une capitale qui commence et fini par cette lettreAccra / Apia / Ankara / Astana / Asmara / Avarua / Abuja
16%
Conforme a une norme de fabricationStandard
13%
Arme ou ancien pilote f1Glock
12%
Automatisation en synonymeIndustrialisation
10%
Tu va devoir le faire (notamment partager ce quiz, et mettre des étoiles :p)Obligation
10%
Il peut être noir, rose, zlata jaune, violet, ou dragon rougeRadis
9%
Plus jeune pilote double champion du monde de Moto de vitesseAcosta
7%
Evite de manger si il y en a dedansAsticot
7%
Dit moi "merci" pour ce quiz en croate, slovène ou bosniaqueHvala
7%
Posé côte a côte sans liaisonJuxtaposition
5%
Langue Turque parler en IranKhaladj
3%

Distribution des résultats

Percentile par nombre de réponses

% des personnes avec chaque résultat

Votre développement - résultats

Vous n’avez pas pris ce quiz